Осіння обнова (Запис № 580636)

МАРК-запис
000 -Лідер
fixed length control field 01823 a2200253 4500
001 - Контрольний номер
control field 2162214035926770
003 - Ідентифікатор контрольного номера
control field UA-OsUOA
005 - Дата та час останнього входження (трансакції)
control field 20260504145627.0
008 - Елементи даних фіксованої довжини – загальна інформація
fixed length control field 260501b un a|||| |||| 00| pdukr d
020 ## - Міжнародний стандартний книжковий номер (ISBN)
Міжнародний стандартний книжковий номер (ISBN) (НП) 9667571055
040 ## - Джерело каталогізації
Агенція оригінальної каталогізації UA-OsUOA
Мова каталогізації ukr
Агенція, яка здійснювала перезапис UA-OsUOA
Агенція, яка здійснювала модифікацію UA-OsUOA
041 ## - Код мови
Код мови тексту/ звукової доріжки чи окремого заголовка (П) ukr
080 ## - Індекс Універсальної десяткової класифікації
Індекс Універсальної десяткової класифікації (УДК) (НП) 821.161.2
090 ## - Локальний шифр розміщення
Класифікаційний індекс УДК 821.161.2
Авторський знак (НП) Б61
100 ## - Основне введення – ім’я особи
Ім’я особи (НП) Біляїв В.
9 (RLIN) 25159
245 ## - Відомості про назву
Назва (НП) Осіння обнова
Дані про відповідальність (НП) Володимир Біляїв
Номер частини/ розділу роботи (П) кн. 3
260 ## - Публікація, розповсюдження і т.п. (Вихідні дані)
Місце публікації, розповсюдження і т.п. (П) Донецьк
Ім’я/ наймення видавництва, розповсюджувача і т.п. (П) Український культурологічний центр
Дата публікації, розповсюдження і т.п. (П) 2001
300 ## - Фізичний опис
Обсяг 96 с.
520 ## - Резюме і т.п.
Резюме, реферат, анотація, тощо (НП) До третьої збірки відомого українського поета Володимира Біляїва, який нині живе в США, увійшли поезії, написані впродовж багатьох літ. Переважна їх частина друкується вперше. В чотирьох частинах збірки: "Осіння обнова", "Поліття", "По той бік щастя" та "Поеми" читач зустріне і теплі ліричні поезії, і вірші-посвяти, і героїку визвольних змагань, і тему рідної Донеччини. Оптимістичним рефреном звучить заключна поема "Заповіт Шевченка", яка перекидає своєрідний міст в історії українського народу між ХІХ і ХХ століттями, сягає думкою майбуття.
650 ## - Додаткове предметне введення – тематичний термін
Тематичний термін чи географічна назва, як елемент введення (НП) 82 Література. Літературознавство
9 (RLIN) 15
942 ## - Додаткові елементи входу (Коха)
Тип елемента Koha Книги
Source of classification or shelving scheme Universal Decimal Classification
955 ## - Код типу видання за змістом
Код типу видання за змістом (НП) Літературно-художні видання
Фонди
Стан вилучень Стан втрат Джерело класифікації або схеми стелажів Стан уражень Не для кредиту Код колекції Постійне місце розташування Поточне розміщення Дата придбання Джерело придбання Вартість, звичайна ціна покупки Інвентарний номер Усього замовленно Повний номер виклику Штрих-код Дата останнього перегляду Вартість, ціна заміни Ціна ефективна від Тип елемента Koha
    Universal Decimal Classification     Колекція Шевчука Валерія АБ - Абонемент НБ АБ - Абонемент НБ 28/04/2026 Акт №24/28.04.2026 15.00 169893   821.161.2 Б61 169893 01/05/2026 15.00 01/05/2026 Книги